|
|
|
|
| LEADER |
01550nam a2200349 i 4500 |
| 001 |
35125 |
| 003 |
BD-DhAAL |
| 005 |
20211118134542.0 |
| 008 |
190808t2016 enka b 001 0 eng d |
| 999 |
|
|
|c 40839
|d 40839
|
| 010 |
|
|
|a 2014046015
|
| 020 |
|
|
|a 9780415840743 (pb : alk. paper)
|
| 020 |
|
|
|a 9780415840736 (hb : alk. paper)
|
| 020 |
|
|
|z 9781315736266 (ebook)
|
| 040 |
|
|
|a DLC
|b eng
|e rda
|c DLC
|d DLC
|d BD-DhAAL
|
| 042 |
|
|
|a pcc
|
| 050 |
0 |
0 |
|a NA2542.36
|b .L46 2016
|
| 082 |
0 |
0 |
|a 720.47
|2 23
|
| 100 |
1 |
|
|a Lerum, Vidar
|9 33503
|
| 245 |
1 |
0 |
|a Sustainable building design :
|b learning from nineteenth century innovations /
|c Vidar Lerum.
|
| 260 |
|
|
|a London :
|b Routledge,
|c c2016.
|
| 300 |
|
|
|a xv, 252 pages :
|b color illustrations ;
|c 29 cm.
|
| 504 |
|
|
|a Includes bibliographical references (pages 248-250)and index.
|
| 526 |
|
|
|a ARC
|
| 541 |
|
|
|a Trim Education
|e 35125, 35126
|
| 650 |
|
0 |
|a Sustainable architecture.
|9 33504
|
| 650 |
|
0 |
|a Buildings
|x Technological innovations
|x History
|y 19th century.
|9 33505
|
| 650 |
|
0 |
|a Architecture.
|9 42792
|
| 852 |
|
|
|a Ayesha Abed Library
|c General Stacks
|
| 942 |
|
|
|2 ddc
|c BK
|
| 952 |
|
|
|0 0
|1 0
|2 ddc
|4 0
|6 720_470000000000000_LER
|7 0
|9 65982
|a BRACUL
|b BRACUL
|c GEN
|d 2019-07-28
|e Trim Education
|g 2870.00
|l 1
|o 720.47 LER
|p 3010035125
|r 2025-03-02
|s 2025-03-02
|t 1
|v 2870.00
|w 2019-07-28
|y BK
|
| 952 |
|
|
|0 0
|1 0
|2 ddc
|4 0
|6 720_470000000000000_LER
|7 0
|9 65983
|a BRACUL
|b BRACUL
|c GEN
|d 2019-07-28
|e Trim Education
|g 2870.00
|l 0
|o 720.47 LER
|p 3010035126
|r 2019-07-28
|t 2
|v 2870.00
|w 2019-07-28
|y BK
|x Transferred from ARC to BRACUL on 28/12/2023
|